00745nam a2200193 a 450000100100000000500170001000800410002702000150006804000250008310000500010824500980015825000120025626000740026830000210034249000300036383000360039395201050042999900170053400003986120201002033757.0130725s1992 sp 000 0 spa d a8400072766 aDO-SdBNPbspacBNPHU1 aAdrados, Francisco Rodríguez,d1922-92554510aVédico y sánscrito clásico :bgramática, textos anotados y vocabulario etimológico. a2a. ed. aMadrid :bConsejo Superior de Investigaciónes Científicas,c1992. a207 p. ;c23 cm.1 aTextos universitariosv19 0aTextos universitariosv1991147 001050718MOaGRbGRcCTd2013-07-25iLF1l0o p39861-10r2020-06-25w2020-06-25y1ZNo se presta c39351d39351